书目信息 |
| 题名: |
女性心理学
|
|
| 作者: | 马特林 著 ;赵蕾 , 吴文安 译 | |
| 分册: | ||
| 出版信息: | 北京 中国人民大学出版社 2010 |
|
| 页数: | 347页 | |
| 开本: | 28cm | |
| 丛书名: | 心理学译丛 | |
| 单 册: | ||
| 中图分类: | B844.5 | |
| 科图分类: | ||
| 主题词: | 女性心理学--nv xing xin li xue--教材 | |
| 电子资源: | ||
| ISBN: | 978-7-300-12478-0 | |
| 000 | 01270nam0 22003011 450 | |
| 001 | 0118172153 | |
| 005 | 20170618172153.0 | |
| 010 | @a978-7-300-12478-0@dCNY58.00 | |
| 100 | @a20101026d2010 em y0chiy50 ea | |
| 101 | 1 | @achi@ceng |
| 102 | @aCN@b110000 | |
| 105 | @ay z 000yy | |
| 106 | @ar | |
| 200 | 1 | @a女性心理学@Anv xing xin li xue@dThe psychology of women@f(美)玛格丽特·W. 马特林(Margaret W. Martlin)著@g赵蕾,吴文安等译@zeng |
| 210 | @a北京@c中国人民大学出版社@d2010 | |
| 215 | @a347页@c图@d28cm | |
| 225 | 2 | @a心理学译丛@Axin li xue yi cong@i教材系列 |
| 305 | @a据原书第6版译出 圣智学习出版公司授权出版 | |
| 330 | @a本书以年龄为明线,详细介绍了女性在毕生发展过程中不同阶段遇到的问题和特点以及相应的应对策略,而女性心理学中的重要理论则是暗线,作为理论支持贯穿于女性发展的各个阶段。本书还涵盖了其他同类书没有的内容,如老年问题、福利问题、怀孕问题、退休问题等。 | |
| 461 | 0 | @12001 @a心理学译丛 |
| 510 | 1 | @aPsychology of women@zeng |
| 606 | 0 | @a女性心理学@Anv xing xin li xue@j教材 |
| 690 | @aB844.5@v4 | |
| 701 | 0 | @c(美)@a马特林@Ama te lin@c(女,Martlin, Margaret W.)@4著 |
| 702 | 0 | @a赵蕾@Azhao lei@c(英语)@4译 |
| 702 | 0 | @a吴文安@Awu wen an@f(197?~)@4译 |
| 801 | 0 | @aCN@bTANGWEI@c20170610 |
| 905 | @b1008633-8@dB844.5@e1845@f6 | |
| 女性心理学=The psychology of women/(美)玛格丽特·W. 马特林(Margaret W. Martlin)著/赵蕾,吴文安等译.-北京:中国人民大学出版社,2010 |
| 347页:图;28cm.-(心理学译丛.教材系列) |
| ISBN 978-7-300-12478-0:CNY58.00 |
| 本书以年龄为明线,详细介绍了女性在毕生发展过程中不同阶段遇到的问题和特点以及相应的应对策略,而女性心理学中的重要理论则是暗线,作为理论支持贯穿于女性发展的各个阶段。本书还涵盖了其他同类书没有的内容,如老年问题、福利问题、怀孕问题、退休问题等。 |
| ● |
| 相关链接 |
|
|
|
|
正题名:女性心理学
索取号:B844.5/1845
 
预约/预借
| 序号 | 登录号 | 条形码 | 馆藏地/架位号 | 状态 | 备注 |
| 1 | 1008633 | 210086333 | 第一样本阅览室/ [索取号:B844.5/1845] | 在馆 | |
| 2 | 1008634 | 210086342 | 教育系资料室/ [索取号:B844.5/1845] | 在馆 | |
| 3 | 1008635 | 210086351 | 教育系资料室/ [索取号:B844.5/1845] | 在馆 | |
| 4 | 1008636 | 210086360 | 教育系资料室/ [索取号:B844.5/1845] | 在馆 | |
| 5 | 1008637 | 210086379 | 第一借阅区/ [索取号:B844.5/1845] | 在馆 | |
| 6 | 1008638 | 210086388 | 第一借阅区/ [索取号:B844.5/1845] | 在馆 |